Engineering Mechanics Statics (Record no. 58)
[ view plain ]
| 000 -LEADER | |
|---|---|
| fixed length control field | 00411nam a2200181Ia 4500 |
| 008 - FIXED-LENGTH DATA ELEMENTS--GENERAL INFORMATION | |
| fixed length control field | 221030s9999 xx 000 0 und d |
| 020 ## - INTERNATIONAL STANDARD BOOK NUMBER | |
| ISBN | 9971512521 |
| 041 ## - LANGUAGE CODE | |
| Language code of text/sound track or separate title | |
| 082 ## - DEWEY DECIMAL CLASSIFICATION NUMBER | |
| Classification number | 105.23 |
| 100 ## - MAIN ENTRY--AUTHOR NAME | |
| Personal name | J. L. Meriam |
| 245 #0 - TITLE STATEMENT | |
| Title | Engineering Mechanics Statics |
| 250 ## - EDITION STATEMENT | |
| Edition statement | Fourth |
| 260 ## - PUBLICATION, DISTRIBUTION, ETC. (IMPRINT) | |
| Name of publisher | John Wiley & Sons |
| Year of publication | 1999 |
| 300 ## - PHYSICAL DESCRIPTION | |
| Number of Pages | 524 |
| 650 ## - SUBJECT ADDED ENTRY--TOPICAL TERM | |
| Topical Term | BB Mechanics |
| 700 ## - ADDED ENTRY--PERSONAL NAME | |
| Personal name | L. G. Kraige |
| 942 ## - ADDED ENTRY ELEMENTS (KOHA) | |
| Koha item type | Books |
| Accession Number | Cost, normal purchase price | Full call number | Price effective from | Koha item type | Withdrawn / writtenoff status | Materials specified (bound volume or other part) | Damaged status | Not for loan | Permanent Location | Current Location | Shelving location | Date acquired | Lost/ Missing status | department |
|---|---|---|---|---|---|---|---|---|---|---|---|---|---|---|
| BB 36 | 400.00 | 105.23 | 10/30/2022 | Books | MIET Library, Jammu | MIET Library, Jammu | BL-Second, FL-1, CUP-100, SH-2, R-2 | 06/19/2003 | BB | |||||
| BB 37 | 428.00 | 105.23 | 10/30/2022 | Books | MIET Library, Jammu | MIET Library, Jammu | BL-Second, FL-1, CUP-100, SH-2, R-2 | 06/19/2003 | BB |